000 00985nam a2200313 i 4500
003 DO-SdBNP
005 20250128120145.0
007 ta
008 230609b2007 sp ||||| |||| 00| 0 spa d
020 _a999347505X
040 _aDO-SdBNP
_bspa
_cBNPHU
_erda
041 _hspa
082 4 _aRD863.44
_bG216ru, 2007
_222
100 1 _aGarcía Romero, Rafael,
_d1957-
_91671
_eautor
245 1 0 _aRuinas /
_cRafael García Romero.
250 _a4a edición
264 _aSanto Domingo :
_bCEDIBIL,
_c2007.
300 _a141 páginas ;
_c22 cm.
336 _2rdacontent
_atexto
_btxt
337 _2rdamedia
_asin mediación
_bn
338 _2rdacarrier
_avolumen
_bnc
500 _aIncluye datos biográficos del autor en la solapa de la cubierta
586 _aPremio Nacional de Cuentos.
590 _aInventariado, 2023/BT
650 0 _aCuentos dominicanos
_9176
650 0 _aLiteratura dominicana.
_967
910 _aBtavárez/Validado. Control de calidad MFF
942 _2ddc
_cLBS1
999 _c53752
_d53752